How many Weasley children can you name in one minute? - Statistics

General Stats
  • This quiz has been taken 152 times
  • The average score is 7 of 7
Answer Stats
Answer % Correct
no Ron
100%
no Ginny
98%
no Fred
97%
No hint George
96%
no Percy
94%
no Bill
93%
no Charlie
87%
No matching quizzes found
Score Distribution
Percent of People with Each Score
Percentile by Number Answered
Your Score History
You have not taken this quiz